[Event "NATO-ch 33rd"]
[Site "Portoroz"]
[Date "2023.09.06"]
[Round "4"]
[White "Yuzsever, Ihsan Cenk"]
[Black "Kyrge, Kersti"]
[Result "1/2-1/2"]
[WhiteElo "1554"]
[BlackElo "1814"]
[PlyCount "92"]
[EventDate "2023.09.04"]
[EventType "swiss"]
[EventRounds "7"]
[EventCountry "SLO"]
[SourceTitle "EXT 2024"]
[Source "ChessBase"]
[SourceDate "2023.10.10"]
[SourceVersion "1"]
[SourceVersionDate "2023.10.10"]
[SourceQuality "1"]

1. d4 Nf6 2. Nc3 d5 3. Bf4 e6 4. Nb5 Na6 5. e3 c6 6. Nc3 Qb6 7. a3 c5 8. Nf3 Be7 9. Be2 0-0 10. Ne5 Nd7 11. 0-0 cxd4 12. exd4 Nxe5 13. Bxe5 Bd7 14. Rb1 Rac8 15. Bd3 f5 16. Re1 Bf6 17. Bxf6 Rxf6 18. Ne2 Qd6 19. g3 Nc7 20. c3 Be8 21. Kg2 g5 22. f4 g4 23. Rh1 Qf8 24. Qb3 Bc6 25. Qb4 Qxb4 26. axb4 Nb5 27. Bxb5 Bxb5 28. Kf2 a6 29. Ke3 h5 30. h4 Rf7 31. Nc1 Kg7 32. Nb3 b6 33. Nc1 Kf6 34. Nd3 Bxd3 35. Kxd3 Ra7 36. Ra1 Ke7 37. b5 a5 38. Ra3 Rac7 39. Rb1 Rc4 40. Rc1 Kd6 41. Rc2 R4c7 42. Ra1 Ra7 43. b4 a4 44. Ra3 Kd7 45. Rca2 Rca8 46. Kd2 Kd6 1/2-1/2

[Event "NATO-ch 31st"]
[Site "Blankenberge"]
[Date "2021.10.11"]
[Round "1.14"]
[White "Kyrge, Kersti"]
[Black "Sycz, Dariusz"]
[Result "0-1"]
[WhiteElo "1844"]
[BlackElo "2182"]
[PlyCount "54"]
[EventDate "2021.10.11"]
[EventType "team-swiss"]
[EventRounds "7"]
[EventCountry "BEL"]
[SourceTitle "CBM 204 Extra"]
[Source "ChessBase"]
[SourceDate "2021.11.30"]
[SourceVersion "1"]
[SourceVersionDate "2021.11.30"]
[SourceQuality "1"]
[WhiteTeam "Estonia"]
[BlackTeam "Poland"]
[WhiteTeamCountry "EST"]
[BlackTeamCountry "POL"]

1. e4 d6 2. d4 Nf6 3. Nc3 Nbd7 4. Nf3 e5 5. Bc4 Be7 6. 0-0 0-0 7. Re1 c6 8. d5 Nb6 9. Bb3 Bg4 10. dxc6 bxc6 11. Qd3 a5 12. Na4 Nbd7 13. c4 Qc7 14. Bd1 Rfd8 15. Be3 d5 16. cxd5 cxd5 17. Rc1 Qb7 18. Qb3 Qxb3 19. axb3 Nxe4 20. Nb6 Nxb6 21. Bxb6 Bb4 22. Nxe5 Bxe1 23. Bxg4 Rdb8 24. f3 Bd2 25. Rc7 Rxb6 26. fxe4 Rf6 27. Nf3 Be3+ 0-1

[Event "EST-ch (Women)"]
[Site "Rakvere"]
[Date "2009.02.26"]
[Round "9"]
[White "Narva, Regina R"]
[Black "Kyrge, Kersti"]
[Result "1-0"]
[WhiteElo "2044"]
[BlackElo "1868"]
[PlyCount "60"]
[EventDate "2009.02.20"]
[EventType "tourn"]
[EventRounds "9"]
[EventCountry "EST"]
[SourceTitle "CBM 128 Extra"]
[Source "ChessBase"]
[SourceDate "2009.03.05"]
[SourceVersion "2"]
[SourceVersionDate "2009.03.25"]
[SourceQuality "1"]

1. e4 c5 2. Nf3 d6 3. c3 a6 4. d4 cxd4 5. cxd4 e6 6. Nc3 Nf6 7. Bd3 Be7 8. 0-0 0-0 9. h3 b6 10. Be3 Bb7 11. Rc1 Nbd7 12. Bb1 Rc8 13. Qe2 b5 14. a3 h6 15. Rfd1 Re8 16. Nd2 Nb6 17. e5 Nfd5 18. Qd3 f5 19. exf6 Nxf6 20. Qg6 h5 21. Nde4 Qd7 22. Bh6 Bd8 23. Nxd6 Re7 24. Nxc8 Nxc8 25. Bg5 Rf7 26. Bxf6 Bxf6 27. Qh7+ Kf8 28. Bg6 Qc6 29. d5 Qb6 30. Bxf7 Kxf7 1-0

[Event "EST-ch (Women)"]
[Site "Rakvere"]
[Date "2009.02.22"]
[Round "3"]
[White "Kyrge, Kersti"]
[Black "Gansvind, Valeriya I"]
[Result "0-1"]
[WhiteElo "1868"]
[BlackElo "2244"]
[PlyCount "48"]
[EventDate "2009.02.20"]
[EventType "tourn"]
[EventRounds "9"]
[EventCountry "EST"]
[SourceTitle "CBM 128 Extra"]
[Source "ChessBase"]
[SourceDate "2009.03.05"]
[SourceVersion "2"]
[SourceVersionDate "2009.03.25"]
[SourceQuality "1"]

1. e4 c5 2. Nc3 e6 3. Bc4 Nc6 4. d3 a6 5. a4 Nf6 6. Bg5 h6 7. Bh4 Be7 8. Bg3 d5 9. Bb3 Qa5 10. Qd2 c4 11. exd5 cxb3 12. dxc6 bxc2 13. Qxc2 Nd5 14. Nge2 Nb4 15. Qd1 Nxc6 16. 0-0 0-0 17. Ne4 e5 18. Qb3 Be6 19. Qxb7 Rfc8 20. Bxe5 Qxe5 21. Qb6 Nb4 22. f4 Qxb2 23. Qe3 Nc2 24. Qc1 Qxa1 0-1

[Event "EST-ch (Women)"]
[Site "Tallinn"]
[Date "2007.01.24"]
[Round "6"]
[White "Bashkite, Viktoria"]
[Black "Kyrge, Kersti"]
[Result "1-0"]
[WhiteElo "2247"]
[BlackElo "1899"]
[PlyCount "57"]
[EventDate "2007.01.20"]
[EventType "tourn"]
[EventRounds "9"]
[EventCountry "EST"]
[SourceTitle "CBM 116 Extra"]
[Source "ChessBase"]
[SourceDate "2007.03.07"]
[SourceVersion "1"]
[SourceVersionDate "2007.03.07"]
[SourceQuality "1"]

1. c4 c5 2. Nc3 Nc6 3. g3 g6 4. Bg2 Bg7 5. e3 e6 6. Nge2 Nge7 7. d4 cxd4 8. exd4 d5 9. Qa4 dxc4 10. 0-0 0-0 11. Bg5 f6 12. Be3 Nd5 13. Nxd5 exd5 14. b3 cxb3 15. Qxb3 Kh8 16. Rac1 f5 17. Rc5 Ne7 18. Bg5 Bf6 19. Bxf6+ Rxf6 20. Rfc1 b6 21. Rc7 Ba6 22. Qe3 Ng8 23. Nf4 Bc4 24. Qe5 Qe8 25. Nxd5 Bxd5 26. Bxd5 Qxe5 27. dxe5 Rff8 28. Bxa8 Rxa8 29. f4 1-0

[Event "EST-ch (Women)"]
[Site "Tallinn"]
[Date "2007.01.21"]
[Round "3"]
[White "Kyrge, Kersti"]
[Black "Fomina, Tatyana"]
[Result "0-1"]
[WhiteElo "1899"]
[BlackElo "2238"]
[PlyCount "112"]
[EventDate "2007.01.20"]
[EventType "tourn"]
[EventRounds "9"]
[EventCountry "EST"]
[SourceTitle "CBM 116 Extra"]
[Source "ChessBase"]
[SourceDate "2007.03.07"]
[SourceVersion "1"]
[SourceVersionDate "2007.03.07"]
[SourceQuality "1"]

1. e4 e6 2. d4 d5 3. e5 b6 4. Nf3 Ba6 5. Bxa6 Nxa6 6. a3 Qd7 7. Qd3 Nb8 8. 0-0 Ne7 9. b4 Nf5 10. Bb2 Be7 11. c4 g5 12. Kh1 Nc6 13. cxd5 exd5 14. Nbd2 Nd8 15. Rac1 Ng7 16. Qc2 Nde6 17. Qc6 Qxc6 18. Rxc6 g4 19. Ng1 Kd7 20. Rfc1 Bg5 21. R6c2 a5 22. b5 a4 23. Bc3 h5 24. Ne2 h4 25. Rd1 Nf5 26. Nf1 Be7 27. Ra2 Rag8 28. Rd3 Rh5 29. Ne3 Nxe3 30. Rxe3 Rf5 31. Kg1 f6 32. Rd3 Rf8 33. exf6 R8xf6 34. Be1 Bd6 35. Nc3 Ng5 36. Rd1 Nf3+ 37. gxf3 gxf3 38. Ne2 fxe2 39. Rxe2 Rg6+ 40. Kh1 Bxa3 41. Re5 Rxe5 42. dxe5 Bc5 43. Rxd5+ Ke6 44. Rd1 Kxe5 45. f4+ Kxf4 46. Bxh4 a3 47. Bg3+ Rxg3 48. hxg3+ Kxg3 49. Ra1 Kf3 50. Kh2 Ke3 51. Kg2 Kd3 52. Kf3 Kc3 53. Ke4 Kb2 54. Rh1 a2 55. Rh2+ Kb3 56. Rh1 Bb4 0-1

[Event "EST-ch (Women)"]
[Site "Tallinn"]
[Date "2005.05.16"]
[Round "11"]
[White "Bashkite, Viktoria"]
[Black "Kyrge, Kersti"]
[Result "1-0"]
[WhiteElo "2191"]
[BlackElo "1936"]
[PlyCount "111"]
[EventDate "2005.05.10"]
[EventType "tourn"]
[EventRounds "11"]
[EventCountry "EST"]
[SourceTitle "EXT 2018"]
[Source "ChessBase"]
[SourceDate "2017.10.13"]
[SourceVersion "1"]
[SourceVersionDate "2017.10.13"]
[SourceQuality "1"]

1. d4 Nf6 2. Nf3 g6 3. e3 Bg7 4. c4 c5 5. Be2 cxd4 6. exd4 d6 7. 0-0 0-0 8. Nc3 b6 9. h3 Bb7 10. d5 Nbd7 11. Be3 Nc5 12. Rc1 Rc8 13. Nd4 a6 14. Bf3 Ncd7 15. b3 Ne5 16. Be2 Ned7 17. f4 Nc5 18. Bf3 a5 19. Re1 Qd7 20. Ncb5 Nfe4 21. a3 Nf6 22. Bf2 Rfe8 23. b4 Na6 24. Qd2 axb4 25. axb4 Nc7 26. Nc6 Nfxd5 27. Nxc7 Nxc7 28. Nxe7+ Rxe7 29. Rxe7 Qxe7 30. Bxb7 Rb8 31. Bc6 Qe6 32. Qa2 Qc8 33. b5 Ne6 34. Qd2 Qc7 35. Rd1 Rd8 36. Bh4 Bd4+ 37. Kh1 Rf8 38. Bd5 Bc5 39. Bf6 Ng7 40. Qd3 Qd7 41. g4 Ne6 42. Rf1 Nc7 43. Be4 Qe6 44. Bc3 Re8 45. Re1 Qc8 46. f5 Qd8 47. fxg6 hxg6 48. Rf1 Re6 49. Qf3 Qe8 50. Bc6 Qf8 51. g5 Re3 52. Qf6 Kh7 53. Rf3 Rxf3 54. Bxf3 Ne6 55. Bd5 Nd8 56. Qf4 1-0

[Event "EST-ch (Women)"]
[Site "Tallinn"]
[Date "2005.05.15"]
[Round "10"]
[White "Kyrge, Kersti"]
[Black "Makarova, Kermen"]
[Result "0-1"]
[WhiteElo "1936"]
[BlackElo "1927"]
[PlyCount "72"]
[EventDate "2005.05.10"]
[EventType "tourn"]
[EventRounds "11"]
[EventCountry "EST"]
[SourceTitle "EXT 2018"]
[Source "ChessBase"]
[SourceDate "2017.10.13"]
[SourceVersion "1"]
[SourceVersionDate "2017.10.13"]
[SourceQuality "1"]

1. e4 c5 2. c3 d5 3. exd5 Qxd5 4. d4 e6 5. Nf3 Nc6 6. Na3 cxd4 7. Nb5 Bd6 8. Nxd6+ Qxd6 9. Nxd4 Nxd4 10. Qxd4 Qxd4 11. cxd4 b6 12. Bb5+ Bd7 13. Bd3 Nf6 14. Bf4 0-0 15. Rc1 Nd5 16. Bd6 Rfd8 17. 0-0 Bc8 18. Ba3 Bb7 19. Be4 Rd7 20. g3 Rad8 21. Rfd1 Ba6 22. Bd3 Bxd3 23. Rxd3 Nc7 24. b3 Nb5 25. Bb2 h6 26. Kg2 Kf8 27. Rcd1 e5 28. d5 f6 29. a4 Nc7 30. Ba3+ Kf7 31. d6 Ne6 32. Rc1 Nd4 33. Rc7 Ke6 34. Rxd7 Rxd7 35. g4 Nc2 36. Bc1 Ne1+ 0-1

[Event "EST-ch (Women)"]
[Site "Tallinn"]
[Date "2005.05.13"]
[Round "7"]
[White "Fomina, Tatyana"]
[Black "Kyrge, Kersti"]
[Result "1-0"]
[WhiteElo "2260"]
[BlackElo "1936"]
[PlyCount "77"]
[EventDate "2005.05.10"]
[EventType "tourn"]
[EventRounds "11"]
[EventCountry "EST"]
[SourceTitle "EXT 2018"]
[Source "ChessBase"]
[SourceDate "2017.10.13"]
[SourceVersion "1"]
[SourceVersionDate "2017.10.13"]
[SourceQuality "1"]

1. e4 c5 2. Nf3 d6 3. Bc4 Nf6 4. Qe2 Nc6 5. c3 g6 6. 0-0 Bg7 7. d4 0-0 8. e5 dxe5 9. dxe5 Ng4 10. Bf4 e6 11. Nbd2 a6 12. Rad1 b5 13. h3 Nh6 14. Ne4 Qc7 15. Bxh6 Bxh6 16. Nf6+ Kh8 17. Qe4 Bg7 18. Bb3 Nxe5 19. Nxe5 Bxf6 20. Nxg6+ hxg6 21. Qxa8 Kg7 22. Qe4 Bb7 23. Qe3 Qc6 24. f3 Bd8 25. Bc2 f5 26. Qe5+ Bf6 27. Qd6 Bd4+ 28. Rxd4 cxd4 29. Qxd4+ Kf7 30. Rd1 Bc8 31. Bb3 Qc7 32. a4 bxa4 33. Bxa4 e5 34. Bb3+ Kg7 35. Qd6 Qa7+ 36. Kh1 Re8 37. Qc6 Rh8 38. Rd6 Qe7 39. Rxg6+ 1-0

[Event "EST-ch (Women)"]
[Site "Tallinn"]
[Date "2005.05.12"]
[Round "4"]
[White "Kyrge, Kersti"]
[Black "Tsiganova, Monika"]
[Result "0-1"]
[WhiteElo "1936"]
[BlackElo "2266"]
[PlyCount "86"]
[EventDate "2005.05.10"]
[EventType "tourn"]
[EventRounds "11"]
[EventCountry "EST"]
[SourceTitle "EXT 2018"]
[Source "ChessBase"]
[SourceDate "2017.10.13"]
[SourceVersion "1"]
[SourceVersionDate "2017.10.13"]
[SourceQuality "1"]

1. e4 c5 2. c3 d5 3. exd5 Qxd5 4. d4 Nf6 5. Nf3 e6 6. Na3 cxd4 7. Nb5 Qd8 8. Bf4 Nd5 9. Bg3 dxc3 10. Nxc3 Nc6 11. Bc4 Nxc3 12. Qxd8+ Nxd8 13. bxc3 a6 14. Rd1 b5 15. Be2 Bb7 16. 0-0 Rc8 17. Rd3 Bd5 18. Nd4 Be7 19. Ra1 Nb7 20. Bf3 Nc5 21. Rdd1 Bxf3 22. Nxf3 0-0 23. Bd6 Bxd6 24. Rxd6 Rfd8 25. Rad1 Rxd6 26. Rxd6 Kf8 27. Ne5 Ke7 28. Rb6 f6 29. Nc6+ Kd7 30. Na5 Rc7 31. Kf1 h5 32. Ke2 Na4 33. Rxa6 Nxc3+ 34. Kd2 Nxa2 35. Rb6 Nc3 36. Nb3 Ne4+ 37. Ke2 Nd6 38. Nd4 Rc5 39. Ra6 Re5+ 40. Kf3 Nf5 41. Ra7+ Kd6 42. Ra6+ Kc5 43. Nxe6+ Rxe6 0-1

[Event "EST-ch (Women)"]
[Site "Tallinn"]
[Date "2005.05.12"]
[Round "5"]
[White "Makarova, Natalja"]
[Black "Kyrge, Kersti"]
[Result "0-1"]
[WhiteElo "1915"]
[BlackElo "1936"]
[PlyCount "86"]
[EventDate "2005.05.10"]
[EventType "tourn"]
[EventRounds "11"]
[EventCountry "EST"]
[SourceTitle "EXT 2018"]
[Source "ChessBase"]
[SourceDate "2017.10.13"]
[SourceVersion "1"]
[SourceVersionDate "2017.10.13"]
[SourceQuality "1"]

1. d4 Nf6 2. c4 c5 3. d5 b5 4. Nf3 d6 5. e3 g6 6. b3 Bg7 7. Bb2 b4 8. Bd3 0-0 9. Qc2 Nbd7 10. Nbd2 Nb6 11. 0-0 a5 12. a3 Bd7 13. a4 Qc7 14. Rfe1 e6 15. dxe6 fxe6 16. e4 e5 17. Nf1 Nc8 18. Rad1 Ne7 19. h3 Nh5 20. Ne3 Nf4 21. Bf1 Rad8 22. Nh2 Bc8 23. Be2 Nc6 24. Nd5 Qf7 25. Nxf4 Qxf4 26. Bg4 Nd4 27. Bxd4 exd4 28. Bxc8 Rxc8 29. Rd3 Be5 30. Ng4 h5 31. Rf3 Qg5 32. Nxe5 dxe5 33. Rg3 Qf6 34. Rd1 Kh7 35. Rdd3 Qe7 36. Rdf3 Rxf3 37. Rxf3 Rf8 38. Qd3 Rxf3 39. Qxf3 Kg7 40. Kf1 Qg5 41. Ke2 Qc1 42. Qg3 Qc2+ 43. Kf1 Qd1# 0-1